Principles of Tissue Engineering/ (Record no. 37112)
[ view plain ]
| 000 -LEADER | |
|---|---|
| fixed length control field | 00587nam a22002177a 4500 |
| 005 - DATE AND TIME OF LATEST TRANSACTION | |
| control field | 20260505100440.0 |
| 008 - FIXED-LENGTH DATA ELEMENTS--GENERAL INFORMATION | |
| fixed length control field | 260223b |||||||| |||| 00| 0 eng d |
| 020 ## - INTERNATIONAL STANDARD BOOK NUMBER | |
| ISBN | 978-0-12-818422-6 |
| 082 ## - DEWEY DECIMAL CLASSIFICATION NUMBER | |
| Classification number | 612.028 |
| Item number | PRI |
| 245 ## - TITLE STATEMENT | |
| Title | Principles of Tissue Engineering/ |
| 250 ## - EDITION STATEMENT | |
| Edition statement | 5th.ed |
| 260 ## - PUBLICATION, DISTRIBUTION, ETC. | |
| Place of Publication | India ; |
| Name of publisher, distributor, etc. | Elsevier Science, |
| Date of publication, distribution, etc. | 2020. |
| 300 ## - PHYSICAL DESCRIPTION | |
| Pages | 1678 p. |
| 500 ## - GENERAL NOTE | |
| General note | Matt book |
| 650 ## - SUBJECT ADDED ENTRY--TOPICAL TERM | |
| Subject / Department | Dental Material |
| 700 ## - ADDED ENTRY--PERSONAL NAME | |
| Personal name | Robert Langer [Editor] |
| 700 ## - ADDED ENTRY--PERSONAL NAME | |
| Personal name | Joseph P. Vacanti [Editor] |
| 700 ## - ADDED ENTRY--PERSONAL NAME | |
| Personal name | Anthony Atal [Editor] |
| 700 ## - ADDED ENTRY--PERSONAL NAME | |
| Personal name | Robert Lanza [Editor] |
| 952 ## - LOCATION AND ITEM INFORMATION (KOHA) | |
| -- | 0 |
| -- | 0 |
| 952 ## - LOCATION AND ITEM INFORMATION (KOHA) | |
| -- | 0 |
| -- | 0 |
| Lost status | Damaged status | Collection code | Permanent Location | Current Location | Shelving Location | Date acquired | Source of acquisition | Full Call Number | Accession No./Barcode | Date last seen | Copy number | item type | Koha item type |
|---|---|---|---|---|---|---|---|---|---|---|---|---|---|
| Medical | Superior Information Resource Center (SIRC) Superior University- Central Library | Superior Information Resource Center (SIRC) Superior University- Central Library | Dental Hospital (D-L) | 02/23/2026 | Ownway Traders | 612.028 PRI 2020 | 29905 | 02/23/2026 | 1 | BOOK | BOOK | ||
| Medical | Superior Information Resource Center (SIRC) Superior University- Central Library | Superior Information Resource Center (SIRC) Superior University- Central Library | Dental Hospital (D-L) | 02/23/2026 | Ownway Traders | 612.028 PRI 2020 | 29906 | 02/23/2026 | 2 | BOOK | BOOK |
